000 00338nam a22001457a 4500
008 210304b ||||| |||| 00| 0 eng d
020 _a9780435088354
041 _aeng
080 _a37
082 _a37
100 _a25
101 _aEDU
245 _aInvitations Changing as Teachers and Learners K-12
_cRoutman, R
942 _2udc
_cBK
999 _c55750
_d55750